000 00281nam a22001337a 4500
008 170609b xxu||||| |||| 00| 0 eng d
020 _a9781582340364
041 _aeng
080 _a94(4)
100 _a17
101 _aSHH
245 _aHITLER+GELI
_cHAYMAN,R
942 _2udc
_cBK
999 _c16606
_d16606